000 00673nam a22001817a 4500
005 20241211143505.0
008 240503b ||||| |||| 00| 0 eng d
020 _a9789718219546
082 _aDFil 808.0666 Ap26 2022
100 _aAperocho, Maico Demi B.
_956881
245 _aTechnical writing across disciplines /
_cMaico Demi B. Aperocho, Geoffrey E. Girando, and Edwin L. Nebria.
260 _aMalabon City :
_bMutya Publishing House, Inc.,
_c©2022.
300 _aiii, 90 pages ;
_billustrations ;
_c25 cm.
650 _aTechnical writing.
_956899
700 _aGirado, Geoffrey E.
_eauthor.
_956882
700 _aNebria, Edwin L.
_eauthor.
_92939
942 _2ddc
_cDFIL
999 _c20211
_d20211